Iqbāl kā adabī naṣbulʻain / (Record no. 329416)

000 -LEADER
fixed length control field 00775cam a2200229 i 4500
001 - CONTROL NUMBER
control field 2752207
003 - CONTROL NUMBER IDENTIFIER
control field Nust
005 - DATE AND TIME OF LATEST TRANSACTION
control field 20171023124428.0
008 - FIXED-LENGTH DATA ELEMENTS--GENERAL INFORMATION
fixed length control field 801009s1977 pk b 000 0 urdo
010 ## - LIBRARY OF CONGRESS CONTROL NUMBER
LC control number 78930237
020 ## - INTERNATIONAL STANDARD BOOK NUMBER
International Standard Book Number 969416320X
040 ## - CATALOGING SOURCE
Original cataloging agency DLC
Transcribing agency DLC
Modifying agency DLC
041 ## - LANGUAGE CODE
Language code of original urdu
043 ## - GEOGRAPHIC AREA CODE
Geographic area code a-pk---
050 00 - LIBRARY OF CONGRESS CALL NUMBER
Classification number PK2199.I65
Item number Z74536
082 ## - DEWEY DECIMAL CLASSIFICATION NUMBER
Classification number 891.4304
Author Mark AKH
245 00 - TITLE STATEMENT
Title Iqbāl kā adabī naṣbulʻain /
Statement of responsibility, etc. murattabah Salīm Ak̲h̲tar.
260 ## - PUBLICATION, DISTRIBUTION, ETC.
Place of publication, distribution, etc. Lāhore :
Name of publisher, distributor, etc. Shaik̲h̲ G̲h̲ulām ʻAlī,
Date of publication, distribution, etc. 1977
300 ## - PHYSICAL DESCRIPTION
Extent 223 p. ;
Dimensions 23 cm.
500 ## - GENERAL NOTE
General note In Urdu.
504 ## - BIBLIOGRAPHY, ETC. NOTE
Bibliography, etc. note Includes bibliographical references.
600 10 - SUBJECT ADDED ENTRY--PERSONAL NAME
Personal name Iqbal, Muhammad,
Titles and other words associated with a name Sir,
Dates associated with a name 1877-1938
General subdivision Criticism and interpretation.
9 (RLIN) 6
700 0# - ADDED ENTRY--PERSONAL NAME
Personal name Saleem Akhtar,
Dates associated with a name 1934-
9 (RLIN) 53
880 ## - ALTERNATE GRAPHIC REPRESENTATION
Linkage 100-01\(3\r
Title محمد اقبال
880 ## - ALTERNATE GRAPHIC REPRESENTATION
Linkage 245-02\(3\r
Title اقبال کا ادبی نصب العین
c مرتبہ: سلیم اختر
880 ## - ALTERNATE GRAPHIC REPRESENTATION
Linkage 260-03\(3\r
Title لاہور:
b اقبال اکادمی پاکستان،
c 1977
906 ## - LOCAL DATA ELEMENT F, LDF (RLIN)
a 7
b cbc
c orignew
d 4
e ncip
f 19
g y-gencatlg
942 ## - ADDED ENTRY ELEMENTS (KOHA)
Source of classification or shelving scheme
Koha item type Book
Holdings
Withdrawn status Lost status Source of classification or shelving scheme Damaged status Not for loan Permanent Location Current Location Shelving location Date acquired Total Checkouts Full call number Barcode Date last seen Date last checked out Copy number Price effective from Koha item type
          Central Library (CL) Central Library (CL) Book Cart 05/05/2017 2 928.91439 IQB CL2133 04/08/2022 03/04/2022 1 05/05/2017 Book
© 2023 Central Library, National University of Sciences and Technology. All Rights Reserved.